000 00478nam a2200169Ia 4500
999 _c21634
_d21634
003 OSt
005 20200618145450.0
008 190216s9999||||xx |||||||||||||| ||und||
020 _a9781594770296
040 _coclc
082 _a954
_bDAN/B
100 _aDanielou, Alain
_93059
245 4 _aA Brief History Of India /
_cAlain Danielou
260 _bInner Traditions India,
_c2003.
_aUSA:
300 _a376p
942 _cBK
_2ddc
_h954
_iDAN/B
_k954
_mDAN/B